Countries with a "Got Talent" Series - Statistics

General Stats
  • This quiz has been taken 98 times
  • The average score is 23 of 44
Answer Stats
Country % Correct
United Kingdom
95%
United States
94%
France
83%
China
81%
Germany
76%
Russia
76%
Spain
75%
Italy
73%
Canada
70%
Australia
65%
India
64%
Sweden
64%
Portugal
63%
Finland
61%
Belgium
58%
Norway
58%
South Korea
56%
Netherlands
54%
South Africa
54%
Turkey
54%
Greece
52%
Poland
52%
Ukraine
52%
Argentina
50%
Indonesia
49%
Hungary
48%
Denmark
46%
New Zealand
46%
Romania
46%
Thailand
46%
Bulgaria
45%
Albania
44%
Philippines
43%
Vietnam
43%
Serbia
42%
Slovakia
35%
Estonia
33%
Israel
32%
Nigeria
30%
Cambodia
27%
Moldova
26%
Mongolia
25%
Azerbaijan
23%
Georgia
21%
No matching quizzes found
Score Distribution
Percent of People with Each Score
Percentile by Number Answered
Your Score History
You have not taken this quiz